Harvest of gold, (Record no. 1858)

000 -LEADER
fixed length control field 00845nam a22002777a 4500
001 - CONTROL NUMBER
control field 3607148
003 - CONTROL NUMBER IDENTIFIER
control field OSt
005 - DATE AND TIME OF LATEST TRANSACTION
control field 20210419081557.0
008 - FIXED-LENGTH DATA ELEMENTS--GENERAL INFORMATION
fixed length control field 731018s1973 ctua 000 0 eng
010 ## - LIBRARY OF CONGRESS CONTROL NUMBER
LC control number 72092720
020 ## - INTERNATIONAL STANDARD BOOK NUMBER
International Standard Book Number 0837817609
040 ## - CATALOGING SOURCE
Original cataloging agency DLC
Transcribing agency DLC
Modifying agency DLC
Language of cataloging eng
041 ## - LANGUAGE CODE
Language code of text/sound track or separate title eng
050 00 - LIBRARY OF CONGRESS CALL NUMBER
Classification number PN6081
Item number .M498
080 ## - UNIVERSAL DECIMAL CLASSIFICATION NUMBER
Universal Decimal Classification number 821.111
Item number M-70
082 00 - DEWEY DECIMAL CLASSIFICATION NUMBER
Classification number 808/.88/2
100 1# - MAIN ENTRY--PERSONAL NAME
Personal name Miller, Ernest R.,
Relator term comp.
245 10 - TITLE STATEMENT
Title Harvest of gold,
Statement of responsibility, etc. by Ernest R. Miller. Illustrated by Dorothy Peebles.
Remainder of title / by: C. R. Gibson Co.
260 ## - PUBLICATION, DISTRIBUTION, ETC.
Place of publication, distribution, etc. Norwalk, Conn.
Name of publisher, distributor, etc. C. R. Gibson Co.
Date of publication, distribution, etc. 1973
300 ## - PHYSICAL DESCRIPTION
Extent 89 p.
Other physical details ill.
Dimensions 21 cm.
650 #0 - SUBJECT ADDED ENTRY--TOPICAL TERM
Topical term or geographic name entry element Quotations, English.
650 #0 - SUBJECT ADDED ENTRY--TOPICAL TERM
Topical term or geographic name entry element English literature
9 (RLIN) 247
653 ## - INDEX TERM--UNCONTROLLED
Uncontrolled term ინგლისური ლიტერატურა
906 ## - LOCAL DATA ELEMENT F, LDF (RLIN)
a 7
b cbc
c orignew
d 2
e opcn
f 19
g y-gencatlg
942 ## - ADDED ENTRY ELEMENTS (KOHA)
Source of classification or shelving scheme
Koha item type Books
Holdings
Withdrawn status Lost status Source of classification or shelving scheme Damaged status Not for loan Permanent location Current location Date acquired Inventory number Total Checkouts Full call number Barcode Date last seen Price effective from Koha item type
          Ken Walker International University Ken Walker International University 03/02/2021 787   821.111 M-70 787 03/02/2021 03/02/2021 Books

Powered by Koha